[Event "Titled Tue 27th May Early"]
[Site "chess.com INT"]
[Date "2025.05.27"]
[Round "7"]
[White "Lyutsinger, Iren"]
[Black "Klukin, Kirill"]
[Result "1/2-1/2"]
[WhiteTitle "FM"]
[BlackTitle "IM"]
[WhiteElo "2266"]
[BlackElo "2407"]
[WhiteFideId "34425969"]
[BlackFideId "24199273"]
[EventDate "2025.05.27"]

1. e4 c5 2. Nf3 g6 3. c4 Bg7 4. Nc3 Nc6 5. d3 e6 6. Be3 Nd4 7. Bxd4 cxd4 8. Nb5
d6 9. Nbxd4 Qb6 10. Nb3 Bxb2 11. Rb1 Bc3+ 12. Nbd2 Qa5 13. Be2 Ne7 14. O-O Bg7
15. h4 O-O 16. Qc2 Qc7 17. h5 b6 18. Rfc1 Bb7 19. Nf1 Rac8 20. Ne3 Nc6 21. Bf1
Qe7 22. Qe2 Nd4 23. Nxd4 Bxd4 24. Nc2 Bg7 25. g3 Qg5 26. hxg6 hxg6 27. Bg2 Rfd8
28. Ne3 Bd4 29. Nc2 Bg7 30. Ne3 Qc5 31. Rc2 Qc7 32. Bf3 Qe7 33. Kg2 Rc5 34. Rh1
Qg5 35. Bg4 f5 36. f4 Qe7 37. Bf3 Bd4 38. Rcc1 fxe4 39. dxe4 Bxe3 40. Qxe3 Rf8
41. Rh6 Qg7 42. Rch1 Rxc4 43. Qd3 Qb2+ 44. Kh3 Rd4 45. Qe3 Kg7 46. f5 exf5 47.
exf5 Rxf5 48. Bxb7 Re5 49. Qf3 Kxh6 50. Qf8+ Kh7 51. Qf7+ Kh6 52. Qf8+ Kh7 53.
Qf7+ Kh6 54. Qf8+ 1/2-1/2

[Event "Titled Tue 27th May Early"]
[Site "chess.com INT"]
[Date "2025.05.27"]
[Round "7"]
[White "Dragnev, Valentin"]
[Black "Kilic, Eray"]
[Result "1-0"]
[WhiteTitle "GM"]
[BlackTitle "IM"]
[WhiteElo "2540"]
[BlackElo "2469"]
[WhiteFideId "1634852"]
[BlackFideId "44517173"]
[EventDate "2025.05.27"]

1. e4 c5 2. Nf3 Nc6 3. Bc4 e6 4. O-O d5 5. Bb5 dxe4 6. Ne5 Bd7 7. Bxc6 Bxc6 8.
Nxc6 bxc6 9. Nc3 Nf6 10. Qe2 Be7 11. Nxe4 O-O 12. d3 Rb8 13. b3 Nd5 14. Bb2 Kh8
15. Rad1 f5 16. Nd2 Bf6 17. Be5 Bxe5 18. Qxe5 Qg5 19. Nf3 Qh6 20. Rfe1 Rbe8 21.
Qd6 g5 22. Qxc5 g4 23. Qd4+ Kg8 24. Ne5 Rc8 25. c4 c5 26. Qb2 Nf6 27. d4 cxd4
28. Qxd4 f4 29. Nd7 Nxd7 30. Qxd7 Rce8 31. Rd3 f3 32. Rde3 fxg2 33. Rxe6 g3 34.
fxg3 Rf1+ 35. Kxg2 Rf2+ 36. Kxf2 Qxh2+ 37. Ke3 Qxg3+ 38. Kd2 Qg5+ 39. Kc2 Qf5+
40. Kb2 Rf8 41. Rg1+ Qg4 42. Rxg4+ 1-0

[Event "Titled Tue 27th May Early"]
[Site "chess.com INT"]
[Date "2025.05.27"]
[Round "7"]
[White "Papasimakopoulos, Alexandros"]
[Black "Negrean, Andrei"]
[Result "1-0"]
[WhiteTitle "IM"]
[BlackTitle "FM"]
[WhiteElo "2366"]
[BlackElo "2336"]
[WhiteFideId "4244125"]
[BlackFideId "1291513"]
[EventDate "2025.05.27"]

1. d4 Nf6 2. c4 c6 3. Nc3 d5 4. cxd5 cxd5 5. Bf4 Nc6 6. e3 Bf5 7. Qb3 Na5 8.
Qa4+ Bd7 9. Qc2 e6 10. Nf3 Be7 11. h3 O-O 12. Bd3 Rc8 13. O-O Nc4 14. Ne5 h6 15.
Qe2 b5 16. a4 a6 17. axb5 axb5 18. Nxd7 Qxd7 19. b3 Na5 20. Rxa5 Rxc3 21. Rxb5
Bd6 22. Bxd6 Qxd6 23. Rb1 Rfc8 24. Qd2 Qc6 25. Ra5 Qb6 26. Rb5 Qc6 27. f3 Ne8
28. b4 Rc1+ 29. Rxc1 Qxc1+ 30. Qxc1 Rxc1+ 31. Kf2 Kf8 32. Rb6 Ke7 33. Rb7+ Rc7
34. Rxc7+ Nxc7 35. e4 Na8 36. Ke3 Nb6 37. Bb5 f6 38. Bc6 Kd6 39. exd5 exd5 40.
Bb5 Ke6 41. h4 g5 42. hxg5 hxg5 43. g3 f5 44. f4 g4 45. Bd3 Kf6 46. Kd2 Ke6 47.
Kc3 Kf6 48. b5 Ke6 49. Kb4 Kf6 50. Kc5 Na4+ 51. Kxd5 Nc3+ 52. Kc4 Nd1 53. b6
Ne3+ 54. Kc5 Ke6 55. b7 Nd5 56. b8=Q Ne7 57. Qe5+ Kf7 58. Bxf5 Ng8 59. Be6+ Kg6
60. Bxg8 Kh6 1-0

[Event "Titled Tue 27th May Early"]
[Site "chess.com INT"]
[Date "2025.05.27"]
[Round "7"]
[White "Cahaya, Satria Duta"]
[Black "Tifferet, Shakked"]
[Result "1-0"]
[WhiteTitle "FM"]
[BlackTitle "FM"]
[WhiteElo "2416"]
[BlackElo "2332"]
[WhiteFideId "7124252"]
[BlackFideId "2811529"]
[EventDate "2025.05.27"]

1. e4 c5 2. Nf3 b6 3. c4 Bb7 4. Nc3 Nc6 5. d4 cxd4 6. Nxd4 Nxd4 7. Qxd4 e6 8.
Be3 Nf6 9. f3 Bc5 10. Qd2 Bxe3 11. Qxe3 O-O 12. e5 Ne8 13. Bd3 f5 14. exf6 Nxf6
15. O-O-O d5 16. Qxe6+ Kh8 17. Rhe1 Rc8 18. Kb1 dxc4 19. Bxh7 Qe8 20. Qh3 Qh5
21. Qxh5 Nxh5 22. Be4 Rc7 23. Nb5 Re7 24. Bxb7 Rxb7 25. Re4 Nf4 26. Nd6 Rd7 27.
g3 Ng6 28. f4 Kh7 29. Rxc4 Rfd8 30. Rcd4 Ne7 31. Nb5 Nd5 32. Nc3 Nxc3+ 33. bxc3
Rxd4 34. Rxd4 Re8 35. Kc2 Re2+ 36. Rd2 Re3 37. f5 Kh6 38. Rd6+ Kg5 39. Rg6+ Kxf5
40. Rxg7 Re2+ 41. Kb3 Rxh2 42. Rxa7 Rg2 43. Rg7 Kf6 44. Rg8 Kf7 45. Rg4 Ke6 46.
a4 Kd5 47. Rg5+ Kc6 48. Kc4 Ra2 49. Rg6+ Kb7 50. Kb3 Rg2 51. g4 Ka6 52. g5 Ka5
53. Rg8 Ka6 54. g6 Rg4 55. g7 Kb7 56. c4 Rg3+ 57. Kc2 Ka7 58. a5 Rg4 59. axb6+
Kb7 60. Kd3 Rg5 61. c5 Rg6 62. c6+ Rxc6 63. Rf8 Rd6+ 64. Ke4 Re6+ 65. Kd5 1-0

[Event "Titled Tue 27th May Early"]
[Site "chess.com INT"]
[Date "2025.05.27"]
[Round "7"]
[White "Herrera Ortiz, Miguel"]
[Black "Vedant Rupeshbhai Varasada"]
[Result "1-0"]
[WhiteTitle "IM"]
[BlackTitle "CM"]
[WhiteElo "2174"]
[BlackElo "1971"]
[WhiteFideId "5100550"]
[BlackFideId "25156527"]
[EventDate "2025.05.27"]

1. c4 Nf6 2. Nc3 g6 3. d4 Bg7 4. e4 d6 5. Nf3 O-O 6. Be2 e5 7. O-O Nc6 8. d5 Ne7
9. b4 a5 10. bxa5 Rxa5 11. a4 Ra8 12. Ba3 Nd7 13. Nb5 f5 14. Ng5 Nb6 15. c5 dxc5
16. Bxc5 Bf6 17. Qb3 Kg7 18. Ne6+ Bxe6 19. dxe6 Qd2 20. Bf3 Rfc8 21. Rfd1 Qf4
22. Be3 Qh4 23. g3 Qh3 24. Nxc7 Rxc7 25. Bxb6 Rc6 26. Rd7 fxe4 27. Bxe4 Qxe6 28.
Qxe6 Rxe6 29. Rxb7 Ra6 30. a5 Bg5 31. Bd3 Ra8 32. a6 Kf6 33. a7 Nc8 34. Bc7 Re7
35. Be4 Kf7 36. Bd5+ Kf8 37. Bb8 Rxb7 38. Bxb7 Nxa7 39. Bxa8 1-0

[Event "Titled Tue 27th May Early"]
[Site "chess.com INT"]
[Date "2025.05.27"]
[Round "7"]
[White "Daulet, Alikhan"]
[Black "Klekowski, Maciej"]
[Result "0-1"]
[WhiteTitle "CM"]
[BlackTitle "GM"]
[WhiteElo "2100"]
[BlackElo "2474"]
[WhiteFideId "13741632"]
[BlackFideId "1132717"]
[EventDate "2025.05.27"]

1. d4 f5 2. e4 fxe4 3. Nc3 Nf6 4. Bg5 g6 5. Bc4 c6 6. d5 Bg7 7. Nge2 cxd5 8.
Nxd5 Nxd5 9. Qxd5 Rf8 10. O-O Nc6 11. Qxe4 Qc7 12. Nc3 Rf5 13. Nd5 Qd6 14. Bf4
Be5 15. Bxe5 Nxe5 16. Bb3 e6 17. Ne3 Rh5 18. f4 Nc6 19. c3 Ne7 20. Ng4 Rf5 21.
Rad1 Qc5+ 22. Kh1 Qc6 23. Qd4 b6 24. Nf6+ Kd8 25. Rfe1 Kc7 26. Nxh7 Bb7 27. Re2
Qc5 28. Qxd7+ Kb8 29. Rxe6 Nc8 30. Nf6 Qf2 31. Bd5 Ba6 32. Bxa8 Kxa8 33. Nd5 Bb7
34. Nc7+ Kb8 35. Nd5 Rxd5 36. Qxd5 Bxd5 37. Rxg6 Be4 0-1

[Event "Titled Tue 27th May Early"]
[Site "chess.com INT"]
[Date "2025.05.27"]
[Round "7"]
[White "Manukian, Artak"]
[Black "Karvatskyi, Oleksii"]
[Result "0-1"]
[BlackTitle "CM"]
[WhiteElo "2104"]
[BlackElo "2248"]
[WhiteFideId "13301373"]
[BlackFideId "14191059"]
[EventDate "2025.05.27"]

1. e4 c5 2. Nf3 d6 3. Bb5+ Bd7 4. Bxd7+ Nxd7 5. c4 Ngf6 6. Nc3 g6 7. O-O Bg7 8.
d3 O-O 9. a3 Rb8 10. Bg5 a6 11. Qd2 b5 12. cxb5 axb5 13. Bh6 b4 14. axb4 Rxb4
15. Bxg7 Kxg7 16. Ra4 Qb6 17. Rxb4 Qxb4 18. Rb1 Rb8 19. h3 e6 20. Qf4 e5 21. Qc1
c4 22. dxc4 Qxc4 23. Nd2 Qd3 24. f3 Nc5 25. Nf1 Nb3 26. Qd1 Qxd1 27. Rxd1 Nd4
28. Rb1 Nd7 29. Ne3 Nc5 30. b4 Ncb3 31. Ned5 f5 32. Rb2 fxe4 33. fxe4 Nc1 34.
Kh2 Nd3 35. Rb1 Rf8 36. b5 Rf2 37. b6 Nf4 38. Ne3 Nc6 39. b7 Nb8 40. Ncd5 Kf7
41. Rf1 Rxf1 42. Nxf1 Nxd5 43. exd5 Ke7 44. Ne3 Kd7 45. Ng4 Kc7 46. Nf6 Kxb7 47.
Ne8 Kb6 48. Nxd6 Kc5 49. Nf7 Kxd5 50. Kg3 Ke6 51. Ng5+ Kf5 52. Nxh7 Nd7 53. h4
Nf6 54. Ng5 Ne4+ 55. Nxe4 Kxe4 0-1

[Event "Titled Tue 27th May Early"]
[Site "chess.com INT"]
[Date "2025.05.27"]
[Round "7"]
[White "Centron Antuna, Daniel"]
[Black "Sturt, Raven"]
[Result "1/2-1/2"]
[WhiteTitle "FM"]
[BlackTitle "GM"]
[WhiteElo "2290"]
[BlackElo "2459"]
[WhiteFideId "22288694"]
[BlackFideId "2007304"]
[EventDate "2025.05.27"]

1. e4 e5 2. Nf3 Nc6 3. d4 exd4 4. Bc4 Nf6 5. e5 d5 6. Bb5 Ne4 7. Nxd4 Bc5 8. Be3
O-O 9. Nxc6 bxc6 10. Bxc5 Nxc5 11. Bxc6 Rb8 12. Qxd5 Qe7 13. O-O Rxb2 14. Nc3
Rxc2 15. Rac1 Rxc1 16. Rxc1 Rd8 17. Qc4 Nd3 18. Nd5 Rxd5 19. Bxd5 Nxc1 20. Qxc1
Qxe5 21. Bb3 Be6 22. g3 Bxb3 23. axb3 h5 24. Qc4 a5 25. h4 g6 26. Kg2 Kg7 27.
Qd3 c6 28. Qc2 Qd5+ 29. Kf1 Kf6 30. Qc3+ Ke6 31. Qe3+ Kd6 32. Qc3 Kc7 33. Kg1
Kb6 34. Kf1 Kb5 35. Kg1 c5 36. Qe3 Kb4 37. Qe1+ Kxb3 38. Qxa5 Qc6 39. Qe1 c4 40.
Qb1+ Ka4 41. Qa1+ Kb5 42. Qb2+ Kc5 43. Qa3+ Kb6 44. Qb4+ Qb5 45. Qd6+ Qc6 46.
Qb4+ Ka6 47. Qa3+ Kb7 48. Qe7+ Qc7 49. Qb4+ Kc8 50. Qf8+ Kb7 51. Qb4+ Kc8 52.
Qf8+ Qd8 53. Qc5+ Qc7 54. Qf8+ 1/2-1/2

[Event "Titled Tue 27th May Early"]
[Site "chess.com INT"]
[Date "2025.05.27"]
[Round "7"]
[White "Vaganian, Rafael A"]
[Black "Barrientos, Ernesto"]
[Result "1-0"]
[WhiteTitle "GM"]
[BlackTitle "CM"]
[WhiteElo "2449"]
[BlackElo "2027"]
[WhiteFideId "13300016"]
[BlackFideId "3701247"]
[EventDate "2025.05.27"]

1. d4 d5 2. c4 e6 3. Nf3 h6 4. Nc3 Nf6 5. cxd5 exd5 6. Bf4 Bd6 7. Bxd6 Qxd6 8.
e3 c6 9. Bd3 Bg4 10. h3 Bh5 11. g4 Bg6 12. Bxg6 fxg6 13. Qc2 Nfd7 14. Nh4 g5 15.
Nf5 Qf6 16. e4 g6 17. e5 Nxe5 18. dxe5 Qxe5+ 19. Ne3 d4 20. Qxg6+ Kd8 21. O-O-O
Nd7 22. Qf5 Qg7 23. Nc4 Rf8 24. Qd3 dxc3 25. Ne5 cxb2+ 26. Kb1 Rf7 27. Nxf7+
Qxf7 28. Qd6 a5 29. Rhe1 a4 30. Re5 a3 31. Rf5 Qh7 32. Rd3 Ke8 33. Re3+ Kd8 34.
Rd3 Ke8 35. Qe6+ Qe7 36. Qg8+ Nf8 37. Re3 b5 38. Rxe7+ Kxe7 39. Qf7+ Kd6 40.
Qf6+ Kc7 41. Qe7+ Kb6 42. Rxf8 1-0

[Event "Titled Tue 27th May Early"]
[Site "chess.com INT"]
[Date "2025.05.27"]
[Round "7"]
[White "Karas, Marek"]
[Black "Dambaev, Dashi"]
[Result "1-0"]
[WhiteTitle "FM"]
[BlackTitle "CM"]
[WhiteElo "2200"]
[BlackElo "2211"]
[WhiteFideId "14928558"]
[BlackFideId "55628494"]
[EventDate "2025.05.27"]

1. d4 Nf6 2. Bg5 Ne4 3. Bf4 d5 4. f3 Nf6 5. e4 dxe4 6. Nc3 exf3 7. Nxf3 g6 8.
Bc4 Bg7 9. Qd2 O-O 10. O-O-O Bg4 11. Rhf1 e6 12. h3 Bxf3 13. Rxf3 c6 14. Bg5
Nbd7 15. Rdf1 b5 16. Bd3 b4 17. Na4 Qa5 18. b3 Nd5 19. Bc4 N7b6 20. Bxd5 Nxd5
21. Qf2 Qc7 22. Nc5 h6 23. Bd2 Rae8 24. h4 e5 25. h5 e4 26. Rg3 e3 27. Rxe3 Bxd4
28. Rxe8 Bxf2 29. Rxf8+ Kxf8 30. Rxf2 Kg7 31. hxg6 Kxg6 32. Nd3 Qh2 33. Kb2 Qg1
34. Ne5+ Kh5 35. Rf5+ Kh4 36. Nf3+ Kg4 37. Nxg1 Kxf5 38. Bxh6 Kg4 39. Ne2 f5 40.
Bd2 a5 41. a3 c5 42. a4 Nb6 43. Be3 1-0

[Event "Titled Tue 27th May Early"]
[Site "chess.com INT"]
[Date "2025.05.27"]
[Round "7"]
[White "Kawka, Milena"]
[Black "Otdelnov, Kirill"]
[Result "0-1"]
[WhiteTitle "WCM"]
[BlackTitle "FM"]
[WhiteElo "2004"]
[BlackElo "2273"]
[WhiteFideId "21095167"]
[BlackFideId "24280216"]
[EventDate "2025.05.27"]

1. e4 d5 2. exd5 Qxd5 3. Nc3 Qe5+ 4. Be2 Bg4 5. d4 Bxe2 6. Ngxe2 Qa5 7. O-O Nf6
8. Bd2 Nc6 9. Ne4 Qd5 10. Nxf6+ gxf6 11. c3 Rg8 12. f3 O-O-O 13. Qc2 f5 14. Bf4
e6 15. Rad1 Bg7 16. b3 Bf6 17. Kh1 Qd7 18. Ng3 Ne7 19. Nh5 Bg5 20. Bg3 Nd5 21.
Bf2 Kb8 22. Rfe1 Be7 23. Bg3 Rg5 24. Nf4 Rdg8 25. Nxd5 Qxd5 26. Qf2 h5 27. c4
Qd7 28. Rg1 Bd6 29. Bxd6 Qxd6 30. g3 f4 31. gxf4 Qxf4 32. Rxg5 Rxg5 33. Rg1 f6
34. Rxg5 fxg5 35. Kg2 h4 36. h3 a6 37. d5 exd5 38. cxd5 Qe5 39. Qd2 Qg3+ 40. Kf1
Qxf3+ 41. Ke1 Qh1+ 42. Ke2 Qg2+ 43. Kd3 Qxd5+ 44. Ke2 Qxd2+ 45. Kxd2 g4 46. Ke2
g3 47. Kf3 b5 48. a4 b4 49. a5 c5 50. Kg2 c4 51. bxc4 b3 52. c5 b2 53. c6 b1=Q
54. c7+ Kxc7 55. Kf3 Qf5+ 56. Kg2 Qf2+ 0-1

[Event "Titled Tue 27th May Early"]
[Site "chess.com INT"]
[Date "2025.05.27"]
[Round "7"]
[White "Mihajlovskij, Sergei"]
[Black "Tilahun, Abel Mathewos"]
[Result "1/2-1/2"]
[BlackTitle "CM"]
[WhiteElo "2292"]
[BlackElo "1944"]
[WhiteFideId "13500805"]
[BlackFideId "15702391"]
[EventDate "2025.05.27"]

1. e4 e6 2. d4 d5 3. e5 c5 4. c3 Qb6 5. Nf3 Bd7 6. Bd3 cxd4 7. O-O Bb5 8. Bxb5+
Qxb5 9. cxd4 Nc6 10. Nc3 Qb6 11. Na4 Qd8 12. Bd2 Nge7 13. Rc1 Nf5 14. Bg5 Be7
15. Bxe7 Qxe7 16. Nc3 O-O 17. Qd3 Nh4 18. Nd2 Nb4 19. Qg3 Nf5 20. Qf4 Nd3 21.
Qg4 Nxc1 22. Rxc1 Rac8 23. g3 Nh6 24. Qe2 a6 25. Nb3 Rc4 26. Rd1 Rfc8 27. Nc5
Nf5 28. Nb3 b6 29. Kg2 g6 30. h4 h5 31. Qd3 Kg7 32. Rh1 Rh8 33. Rd1 Rhc8 34. Qf3
Qb4 35. Qf4 Qe7 36. Rd3 b5 37. Ne2 Rc2 38. Rd2 Rxd2 39. Qxd2 Qc7 40. Qg5 Qe7 41.
Qd2 Rc4 42. Na5 Rc7 43. Nb3 Rc4 44. Na5 Rc8 45. Nb3 1/2-1/2

[Event "Titled Tue 27th May Early"]
[Site "chess.com INT"]
[Date "2025.05.27"]
[Round "7"]
[White "Eames, Robert S"]
[Black "Duarte Cramer, Lily Jeanette"]
[Result "1-0"]
[WhiteTitle "FM"]
[BlackTitle "WCM"]
[WhiteElo "2136"]
[BlackElo "1828"]
[WhiteFideId "408743"]
[BlackFideId "29620180"]
[EventDate "2025.05.27"]

1. e4 c5 2. Nf3 d6 3. d4 cxd4 4. Nxd4 Nf6 5. Nc3 a6 6. h3 e5 7. Nf3 b5 8. a4 b4
9. Nd5 Nxe4 10. Be3 Nd7 11. a5 Rb8 12. Bc4 Nef6 13. Ng5 Nxd5 14. Qxd5 Qf6 15.
Qxf7+ Qxf7 16. Nxf7 Nf6 17. Nxh8 d5 18. Bb3 Be7 19. O-O Bb7 20. f4 e4 21. f5 Kd7
22. Ba4+ Kc7 23. Nf7 Rf8 24. Bf4+ Kc8 25. Nd6+ Bxd6 26. Bxd6 Rd8 27. Be7 Rh8 28.
Bxb4 d4 29. Bc5 d3 30. cxd3 exd3 31. Rac1 Kb8 32. Bd6+ Ka8 33. Rfd1 Ne4 34. Rxd3
Rd8 35. Rcd1 g6 36. fxg6 hxg6 37. Bc7 Rc8 38. Rd8 Nc5 39. Rxc8+ Bxc8 40. Bc6+
Ka7 41. Bb6+ Kb8 42. Bxc5 g5 43. Bd7 Bb7 44. Bb6 g4 45. Bxg4 Bc6 46. Rd8+ Kb7
47. Bf3 Bxf3 48. gxf3 Kc6 49. Rc8+ Kb5 50. Rc5+ Ka4 51. f4 Kb3 52. f5 Kb4 53. f6
Ka4 54. f7 Kb4 55. f8=Q Ka4 56. Qf4+ Kb3 57. Rc3+ Ka2 58. Qa4+ Kb1 59. Qc2+ Ka1
60. Ra3# 1-0

[Event "Titled Tue 27th May Early"]
[Site "chess.com INT"]
[Date "2025.05.27"]
[Round "7"]
[White "Essing, Arnold"]
[Black "Atis, Hasan"]
[Result "0-1"]
[WhiteTitle "FM"]
[BlackTitle "CM"]
[WhiteElo "2211"]
[BlackElo "2089"]
[WhiteFideId "4619862"]
[BlackFideId "44598017"]
[EventDate "2025.05.27"]

1. d4 Nf6 2. Nf3 e6 3. c4 d5 4. Nc3 c6 5. Bg5 Nbd7 6. e3 Be7 7. Bd3 O-O 8. O-O
h6 9. Bh4 b6 10. Qe2 Bb7 11. Rfd1 Rc8 12. Ne5 dxc4 13. Bxc4 Qc7 14. f4 Rfe8 15.
Rac1 Nf8 16. f5 Bd8 17. Bg3 Qe7 18. Rf1 b5 19. Bb3 a6 20. Bh4 Qc7 21. fxe6 Nxe6
22. Bxe6 Rxe6 23. Bxf6 Bxf6 24. Nd5 cxd5 25. Rxc7 Rxc7 26. h3 Rce7 27. Ng4 Bxd4
28. Qf3 Bb6 29. Qg3 Kh7 30. Kh1 Bc5 31. Qf4 Bd6 32. Qf5+ Kg8 33. b3 Ba3 34. Qd3
h5 35. Nf2 Rxe3 36. Qf5 R3e5 37. Qd3 Bc5 38. Nd1 d4 39. Nf2 Re3 40. Qf5 R3e5 41.
Qf4 Bb6 42. Nd3 Re2 43. Rf2 R2e3 44. Qf5 g6 0-1

[Event "Titled Tue 27th May Early"]
[Site "chess.com INT"]
[Date "2025.05.27"]
[Round "7"]
[White "Hehir, Michael"]
[Black "Osiecki, Stanislaw"]
[Result "0-1"]
[BlackTitle "FM"]
[WhiteElo "2009"]
[BlackElo "1944"]
[WhiteFideId "2047411"]
[BlackFideId "1102990"]
[EventDate "2025.05.27"]

1. d4 Nf6 2. c4 g6 3. Nc3 Bg7 4. e4 d6 5. Be2 O-O 6. Nf3 e5 7. d5 Nh5 8. Bg5 f6
9. Bh4 g5 10. Bg3 Nf4 11. O-O a5 12. Re1 Nxe2+ 13. Qxe2 h5 14. h4 g4 15. Nd2 Bh6
16. Rac1 Na6 17. Na4 b6 18. Rf1 Nc5 19. Nxc5 bxc5 20. Rc3 Rb8 21. b3 f5 22. f4
gxf3 23. Nxf3 f4 24. Be1 Bg4 25. Kh2 Kh8 26. Qb2 Rg8 27. Qa3 Ra8 28. Rd3 Bxf3
29. Rdxf3 Rg4 30. Rh3 Qg8 31. Rg1 Qg6 32. Qa4 Qxe4 33. Qd7 Rag8 34. Rf3 R4g7 35.
Qe6 Qg6 36. Qxg6 Rxg6 37. a3 e4 38. Bc3+ Kh7 39. Rh3 f3 40. g3 e3 41. Rf1 Rf8
42. Kg1 e2 43. Rf2 Be3 44. Bxa5 Ra8 45. b4 cxb4 46. Bxb4 Rg4 47. Rh2 Rxc4 48. g4
Rc1+ 0-1

[Event "Titled Tue 27th May Early"]
[Site "chess.com INT"]
[Date "2025.05.27"]
[Round "7"]
[White "Hasman, Cengiz"]
[Black "Cardozo Munar, Carlos Eduardo"]
[Result "0-1"]
[BlackTitle "FM"]
[WhiteElo "2079"]
[BlackElo "2052"]
[WhiteFideId "413364"]
[BlackFideId "4409477"]
[EventDate "2025.05.27"]

1. d4 d5 2. c4 e5 3. dxe5 d4 4. Nf3 Nc6 5. a3 Nge7 6. e3 Bg4 7. exd4 Bxf3 8.
Qxf3 Qxd4 9. Be2 Qxe5 10. Nc3 O-O-O 11. O-O h5 12. Bf4 Qf5 13. Rad1 Ng6 14.
Rxd8+ Nxd8 15. Be3 Qxf3 16. Bxf3 Ne6 17. b4 a6 18. Rd1 Bd6 19. c5 Be5 20. Nd5
Rd8 21. Bxh5 Kb8 22. g3 Bb2 23. a4 c6 24. Nb6 Rxd1+ 25. Bxd1 Bc3 26. f4 Ne7 27.
b5 axb5 28. axb5 cxb5 29. Bb3 Nc6 30. f5 Ned8 31. Kf2 b4 32. Kf3 f6 33. Ke4 Ne5
34. Bf4 Nc6 35. Nc4 Ka7 36. Nd6 Ng4 37. h4 Be5 38. Ne8 Nf2+ 39. Kf3 Nd3 40. Nxg7
Nxc5 41. Bc4 b3 42. Be3 Bd4 43. Ne8 Ne5+ 44. Ke2 Bxe3 45. Kxe3 Nxc4+ 0-1

[Event "Titled Tue 27th May Early"]
[Site "chess.com INT"]
[Date "2025.05.27"]
[Round "7"]
[White "Panda, Sambit"]
[Black "Ilinca, Felix-Antonio"]
[Result "0-1"]
[WhiteTitle "IM"]
[BlackTitle "IM"]
[WhiteElo "2369"]
[BlackElo "2420"]
[WhiteFideId "25091794"]
[BlackFideId "54764998"]
[EventDate "2025.05.27"]

1. d4 d5 2. c4 e6 3. Nc3 Nf6 4. Nf3 dxc4 5. a4 c5 6. e4 cxd4 7. Nxd4 Bb4 8. f3
Qc7 9. Nb5 Qc5 10. Qe2 a6 11. Be3 Qe7 12. Nd4 O-O 13. Qxc4 b5 14. Qb3 e5 15. Nc2
Ba5 16. axb5 axb5 17. Bxb5 Be6 18. Qa3 Bxc3+ 19. Qxc3 Rxa1+ 20. Nxa1 Rc8 21. Qd2
Nh5 22. O-O Nf4 23. Rc1 Rxc1+ 24. Qxc1 Qb4 25. Bf1 Ng6 26. Nc2 Qb7 27. b4 h5 28.
b5 h4 29. h3 Nd7 30. Nb4 Kh7 31. Qc6 Qb8 32. b6 Qf8 33. Nd3 Qa3 34. Bf2 Qb3 35.
Nc5 Nxc5 36. Qxc5 Qb1 37. Qc7 Nf4 38. Qxe5 Ne2+ 39. Kh2 Qxf1 40. Bxh4 Qg1# 0-1

[Event "Titled Tue 27th May Early"]
[Site "chess.com INT"]
[Date "2025.05.27"]
[Round "7"]
[White "Nayak, Rajesh"]
[Black "Moinzai, Khushal"]
[Result "1-0"]
[WhiteTitle "FM"]
[BlackTitle "FM"]
[WhiteElo "2286"]
[BlackElo "1894"]
[WhiteFideId "35017152"]
[BlackFideId "11701200"]
[EventDate "2025.05.27"]

1. Nf3 d5 2. b3 Bf5 3. Bb2 e6 4. e3 Nf6 5. Be2 Bd6 6. O-O h6 7. c4 c6 8. Nc3 O-O
9. Rc1 Nbd7 10. d3 Qe7 11. Qd2 Bg6 12. Rfd1 e5 13. e4 dxe4 14. dxe4 Bb4 15. Bd3
Rad8 16. Qe2 Nc5 17. Bc2 Bh5 18. a3 Bxc3 19. Bxc3 Ne6 20. Qe3 Bxf3 21. Qxf3 Nd4
22. Bxd4 exd4 23. b4 Nd7 24. Rxd4 Ne5 25. Qc3 Rxd4 26. Qxd4 Rd8 27. Qxa7 Qg5 28.
Qe3 Qxe3 29. fxe3 Nxc4 30. Rd1 Rxd1+ 31. Bxd1 Nxa3 32. Kf2 Kf8 33. Ke2 Ke7 34.
Kd3 Kd6 35. h4 Ke5 36. Ba4 g5 37. hxg5 hxg5 38. Bb3 f6 39. Bf7 Nb5 40. Bg6 Nd6
41. Bh7 b6 42. Bg6 c5 43. bxc5 bxc5 44. Bh7 Ke6 45. Bg8+ Ke5 46. Bh7 c4+ 47. Kc3
g4 48. Bg6 g3 49. Bh7 f5 50. Bxf5 Nxf5 51. exf5 Kxf5 52. Kd4 1-0

[Event "Titled Tue 27th May Early"]
[Site "chess.com INT"]
[Date "2025.05.27"]
[Round "7"]
[White "Solonkov, Dmitrij"]
[Black "Demchenko, Anton"]
[Result "0-1"]
[WhiteTitle "FM"]
[BlackTitle "GM"]
[WhiteElo "2434"]
[BlackElo "2619"]
[WhiteFideId "4150139"]
[BlackFideId "4160258"]
[EventDate "2025.05.27"]

1. e4 c5 2. Nf3 d6 3. d4 cxd4 4. Nxd4 Nf6 5. Nc3 Nc6 6. Bg5 Bd7 7. Qd3 e6 8.
O-O-O a6 9. f4 h6 10. Bh4 g5 11. fxg5 Ng4 12. Nxc6 Bxc6 13. h3 Ne5 14. Qd2 Be7
15. Bg3 Bxg5 16. Bf4 Bxf4 17. Qxf4 Qg5 18. Qxg5 hxg5 19. Rxd6 Ke7 20. Rd1 b5 21.
Bd3 g4 22. Ne2 Rh4 23. Nd4 Bb7 24. hxg4 Rxg4 25. Rh2 Rag8 26. Rd2 Bxe4 27. Bxe4
Rxe4 28. b3 Rd8 29. Rh5 Rexd4 30. Rxd4 Rxd4 31. Rxe5 Rg4 32. Re2 f5 33. Kd2 Kd6
34. Ke1 e5 35. Kf2 e4 36. g3 Rg6 37. c4 bxc4 38. bxc4 Ke5 39. Rc2 Kd4 40. c5 Rh6
41. Rd2+ Kxc5 42. Ke3 Rh1 43. Rf2 Re1+ 44. Kf4 e3 45. Rb2 Kd4 46. Kxf5 Rf1+ 47.
Ke6 Rf2 48. Rb1 e2 49. g4 Rf1 0-1

[Event "Titled Tue 27th May Early"]
[Site "chess.com INT"]
[Date "2025.05.27"]
[Round "7"]
[White "Mafra, Kaiser Luiz"]
[Black "Levitan, Judah Nathan"]
[Result "1-0"]
[WhiteTitle "CM"]
[BlackTitle "CM"]
[WhiteElo "2094"]
[BlackElo "2127"]
[WhiteFideId "2106698"]
[BlackFideId "14332639"]
[EventDate "2025.05.27"]

1. e4 c5 2. d4 cxd4 3. c3 dxc3 4. Nxc3 Nc6 5. Nf3 e6 6. Bf4 Bb4 7. Bd3 Nge7 8.
h4 d5 9. O-O O-O 10. exd5 exd5 11. Bxh7+ Kxh7 12. Ng5+ Kg8 13. Qh5 Bf5 14. Rad1
Bxc3 15. bxc3 Bg6 16. Qg4 Qc8 17. Qf3 f6 18. Nh3 Qf5 19. g4 Qe4 20. Qg3 Ne5 21.
f3 Qc2 22. Bxe5 fxe5 23. Qxe5 Rae8 24. Ng5 Qxa2 25. Qe6+ Kh8 26. h5 Bf7 27.
Nxf7+ Kg8 28. Nd6+ Kh8 29. Nxe8 Rxe8 30. Qf7 Qa4 31. Rfe1 Qc6 32. Rxe7 Qc5+ 33.
Kg2 Rxe7 34. Qf8+ Kh7 35. Qf5+ Kg8 36. Qd3 Re5 37. Kg3 Qd6 38. f4 Re4 39. Qxd5+
Qxd5 40. Rxd5 Re3+ 41. Kh4 Rxc3 42. g5 b6 43. g6 Kf8 44. Rd7 a5 45. Rf7+ Kg8 46.
Rb7 Rc8 47. Rxb6 Ra8 48. Kg5 a4 49. Rb2 a3 50. Ra2 Ra5+ 51. f5 Kf8 52. h6 gxh6+
53. Kxh6 Kg8 54. f6 Ra4 55. f7+ Kf8 56. Rh2 a2 57. g7+ Kxf7 58. Rf2+ Ke7 59.
Rxa2 1-0